[Event "PRO League Group Stage"]
[Site "chess.com INT"]
[Date "2019.01.29"]
[Round "4"]
[White "Harvey, Marcus R"]
[Black "Bartholomew, John"]
[Result "0-1"]
[WhiteTitle "FM"]
[BlackTitle "IM"]
[WhiteElo "2397"]
[BlackElo "2439"]
[WhiteTeam "London Lions"]
[BlackTeam "Minnesota Blizzard"]
[WhiteFideId "400092"]
[BlackFideId "2019353"]
[EventDate "2019.01.08"]

1. Nf3 d5 2. b3 Bg4 3. e3 Nd7 4. Bb2 Ngf6 5. h3 Bh5 6. Be2 e6 7. O-O Bd6 8. c4
c6 9. Nc3 O-O 10. d4 Qe7 11. a3 dxc4 12. bxc4 e5 13. Nh4 Bxe2 14. Nxe2 g6 15.
Nf3 Rfe8 16. Qb3 exd4 17. Nexd4 Nc5 18. Qd1 Nfe4 19. a4 a5 20. Qc2 Rad8 21. Rfd1
Bb8 22. Nb3 Rxd1+ 23. Rxd1 Nxa4 24. Ba1 Qb4 25. Nxa5 Qxa5 26. Qa2 Bc7 27. Rd7
Nac5 28. Qb2 f6 29. Rd1 Ra8 30. g4 Qa2 31. g5 Qxb2 32. Bxb2 fxg5 33. Bd4 h6 34.
Nh2 Bxh2+ 35. Kxh2 Nxf2 36. Rf1 Nfe4 0-1

[Event "PRO League Group Stage"]
[Site "chess.com INT"]
[Date "2019.01.29"]
[Round "4"]
[White "Margvelashvili, Giorgi"]
[Black "Akobian, Varuzhan"]
[Result "1/2-1/2"]
[WhiteTitle "GM"]
[BlackTitle "GM"]
[WhiteElo "2530"]
[BlackElo "2643"]
[WhiteTeam "Seattle Sluggers"]
[BlackTeam "Saint Louis Arch Bishops"]
[WhiteFideId "13602926"]
[BlackFideId "13300580"]
[EventDate "2019.01.08"]

1. d4 Nf6 2. c4 b6 3. Nc3 Bb7 4. f3 Nc6 5. d5 Ne5 6. e4 e6 7. f4 Ng6 8. e5 Ng8
9. Nf3 Bb4 10. Bd3 N8e7 11. O-O Bxc3 12. bxc3 O-O 13. Bc2 f6 14. exf6 Rxf6 15.
f5 exf5 16. Bg5 Rf7 17. Nd4 h6 18. Bxe7 Nxe7 19. Nxf5 Nxf5 20. Bxf5 Qe7 21. Qg4
Rf6 22. Bxd7 Raf8 23. Be6+ Kh8 24. Rxf6 Qxf6 25. Qd4 Ba6 26. a4 Qxd4+ 27. cxd4
Rf4 28. c5 Rxd4 29. cxb6 axb6 30. a5 bxa5 31. Rxa5 Bc4 32. Rc5 c6 33. Rxc6 Bxd5
34. Rc8+ Kh7 35. Bxd5 Rxd5 1/2-1/2

[Event "PRO League Group Stage"]
[Site "chess.com INT"]
[Date "2019.01.29"]
[Round "4"]
[White "Bok, Benjamin"]
[Black "Tiglon, Bryce"]
[Result "1-0"]
[WhiteTitle "GM"]
[BlackTitle "IM"]
[WhiteElo "2643"]
[BlackElo "2390"]
[WhiteTeam "Saint Louis Arch Bishops"]
[BlackTeam "Seattle Sluggers"]
[WhiteFideId "1017063"]
[BlackFideId "2087456"]
[EventDate "2019.01.08"]

1. Nf3 Nf6 2. c4 c5 3. Nc3 d5 4. cxd5 Nxd5 5. e3 Nxc3 6. dxc3 Qc7 7. e4 Nc6 8.
Be3 e6 9. Nd2 Be7 10. Qg4 O-O 11. Qg3 Qxg3 12. hxg3 b6 13. a4 Bb7 14. f3 Rfd8
15. Nc4 Bf6 16. Be2 Ne5 17. Nxe5 Bxe5 18. Kf2 Bc7 19. g4 h6 20. Bc4 a5 21. g5
hxg5 22. Bxg5 Rd6 23. Rh3 f6 24. Bf4 Rc6 25. Bxc7 Rxc7 26. Bxe6+ Kf8 27. Rd1 Bc6
28. b3 Re8 29. Bc4 Rd7 30. Rxd7 Bxd7 31. Rh8+ Ke7 32. Rh7 Kf8 33. Ke3 Bc6 34.
Bb5 Bxb5 35. axb5 Kf7 36. Rh5 Ke6 37. Rd5 a4 38. bxa4 Ra8 39. Kd3 Rxa4 40. Rd8
Ra5 41. Kc4 Ra2 42. Rb8 Rxg2 43. Rxb6+ Ke5 44. Rc6 Rb2 45. Rxc5+ 1-0

[Event "PRO League Group Stage"]
[Site "chess.com INT"]
[Date "2019.01.29"]
[Round "4"]
[White "Feng, Roland"]
[Black "Bloomer, Josh"]
[Result "0-1"]
[WhiteTitle "FM"]
[WhiteElo "2334"]
[BlackElo "1950"]
[WhiteTeam "Seattle Sluggers"]
[BlackTeam "Saint Louis Arch Bishops"]
[WhiteFideId "2060086"]
[BlackFideId "2020416"]
[EventDate "2019.01.08"]

1. d4 Nf6 2. c4 g6 3. Nc3 d5 4. Bg5 Ne4 5. Bh4 Nxc3 6. bxc3 Bg7 7. e3 O-O 8.
cxd5 Qxd5 9. Bxe7 Re8 10. Bh4 Qa5 11. Qd2 c5 12. Nf3 Nc6 13. Be2 Bf5 14. Rd1
Rac8 15. O-O b6 16. h3 Be4 17. Qb2 cxd4 18. cxd4 Nb4 19. a3 Nd5 20. Rc1 Nc3 21.
Ng5 Nxe2+ 22. Qxe2 Bd5 23. Rxc8 Rxc8 24. Qg4 f5 25. Qf4 Qxa3 26. Nf3 a5 27. Rb1
Bb3 28. Bg5 Qa2 29. Re1 a4 30. Bh6 Bxh6 31. Qxh6 Qa3 32. e4 fxe4 33. Ng5 Qe7 34.
Rxe4 Qd7 35. Rf4 a3 36. Ne4 Qg7 37. Qg5 a2 38. Nf6+ Kh8 39. Rh4 a1=Q+ 40. Kh2
Bg8 41. Qe5 Rf8 42. Rf4 Qc3 43. g4 Qcc7 0-1

[Event "PRO League Group Stage"]
[Site "chess.com INT"]
[Date "2019.01.29"]
[Round "4"]
[White "Bachmann, Axel"]
[Black "Margvelashvili, Giorgi"]
[Result "1/2-1/2"]
[WhiteTitle "GM"]
[BlackTitle "GM"]
[WhiteElo "2631"]
[BlackElo "2530"]
[WhiteTeam "Miami Champions"]
[BlackTeam "Seattle Sluggers"]
[WhiteFideId "3700488"]
[BlackFideId "13602926"]
[EventDate "2019.01.08"]

1. e4 c6 2. d4 d5 3. exd5 cxd5 4. Bd3 Nc6 5. c3 Qc7 6. Ne2 Bg4 7. O-O Nf6 8. Qe1
Bh5 9. f4 e6 10. f5 Bxe2 11. Qxe2 e5 12. dxe5 Bc5+ 13. Be3 Bxe3+ 14. Qxe3 Qxe5
15. Qxe5+ Nxe5 16. Re1 Nd7 17. Bb5 O-O-O 18. Na3 Rhe8 19. Rad1 a6 20. Ba4 b5 21.
Bb3 Nb6 22. Nc2 Nec4 23. Bxc4 dxc4 24. Nb4 Rxd1 25. Rxd1 Kb7 26. Kf2 Re5 27. g4
a5 28. Nc2 h5 29. h3 hxg4 30. hxg4 g6 31. Ne3 Kc6 32. Kf3 gxf5 33. Nxf5 Nd5 34.
a3 Kc5 35. Rh1 b4 36. axb4+ axb4 37. cxb4+ Nxb4 38. Rh7 Nd3 39. Rxf7 Nxb2 40.
Ne3 c3 41. Rc7+ Kd4 42. Rd7+ Kc5 43. Kf4 Rxe3 44. Kxe3 Nc4+ 45. Kd3 Ne5+ 46.
Kxc3 Nxd7 47. g5 Kd6 48. g6 Ke7 49. g7 Kf7 50. g8=Q+ Kxg8 1/2-1/2

[Event "PRO League Group Stage"]
[Site "chess.com INT"]
[Date "2019.01.29"]
[Round "4"]
[White "Tiglon, Bryce"]
[Black "Fernandez, Daniel"]
[Result "1/2-1/2"]
[WhiteTitle "IM"]
[BlackTitle "IM"]
[WhiteElo "2390"]
[BlackElo "2482"]
[WhiteTeam "Seattle Sluggers"]
[BlackTeam "Miami Champions"]
[WhiteFideId "2087456"]
[BlackFideId "2015390"]
[EventDate "2019.01.08"]

1. e4 c5 2. Nf3 d6 3. d4 cxd4 4. Nxd4 Nf6 5. Nc3 Nc6 6. Bg5 e6 7. Qd2 a6 8.
O-O-O Bd7 9. f4 Be7 10. Nf3 Rc8 11. e5 dxe5 12. fxe5 Nd5 13. Nxd5 exd5 14. Bxe7
Qxe7 15. a3 O-O 16. Qxd5 Bf5 17. Qd6 Nxe5 18. c3 Qxd6 19. Rxd6 Nxf3 20. gxf3
Rfd8 21. Rxd8+ Rxd8 22. Bg2 g5 23. f4 gxf4 24. Bxb7 Bc8 25. Bxc8 Rxc8 26. Kd2 f5
27. Rf1 Rc4 28. Kd3 Re4 29. b4 Kf7 30. a4 Ke6 31. c4 Ke5 32. b5 axb5 33. axb5
Kd6 34. b6 Kc6 35. Rb1 Re3+ 36. Kd4 Re4+ 37. Kd3 Re3+ 38. Kd2 Re7 39. Rb5 f3 40.
Rxf5 Re2+ 41. Kd3 Kxb6 42. h3 Rf2 43. Ke3 Rc2 44. Kxf3 Rxc4 45. Rf7 Rc7 46. Rxc7
Kxc7 47. Kf4 Kd6 48. Kg5 Ke7 49. Kh6 Kf7 50. Kxh7 Kf8 51. h4 Kf7 52. h5 Kf8 1/2-1/2

[Event "PRO League Group Stage"]
[Site "chess.com INT"]
[Date "2019.01.29"]
[Round "4"]
[White "Myers, Dominique"]
[Black "Feng, Roland"]
[Result "0-1"]
[BlackTitle "FM"]
[WhiteElo "2018"]
[BlackElo "2334"]
[WhiteTeam "Miami Champions"]
[BlackTeam "Seattle Sluggers"]
[WhiteFideId "2041715"]
[BlackFideId "2060086"]
[EventDate "2019.01.08"]

1. e4 e6 2. Nc3 d5 3. Nf3 Nf6 4. e5 Nfd7 5. d4 c5 6. dxc5 Nc6 7. Bf4 Nxc5 8. Bd3
Be7 9. h4 Qb6 10. Rb1 a6 11. h5 Bd7 12. h6 g6 13. O-O Nxd3 14. cxd3 O-O 15. Re1
Rac8 16. a3 Nd4 17. Nxd4 Qxd4 18. Ne2 Qa4 19. Qxa4 Bxa4 20. Nd4 Bc5 21. Be3 Bxd4
22. Bxd4 Bc2 23. Rbc1 Bxd3 24. b3 Bc2 25. Re3 Rc6 26. Rc3 Rxc3 27. Bxc3 Rc8 28.
Rxc2 d4 29. Kf1 dxc3 30. Ke2 f6 31. exf6 Kf7 32. Ke3 Kxf6 33. f4 g5 34. g4 Kg6
35. Ke4 gxf4 36. Kxf4 Kxh6 37. Ke5 Kg5 38. Kxe6 Kxg4 39. Ke5 h5 40. Ke4 Kg3 41.
Ke3 h4 42. Ke2 h3 43. Kf1 h2 0-1

[Event "PRO League Group Stage"]
[Site "chess.com INT"]
[Date "2019.01.29"]
[Round "4"]
[White "Movsesian, Sergei"]
[Black "Caruana, Fabiano"]
[Result "1/2-1/2"]
[WhiteTitle "GM"]
[BlackTitle "GM"]
[WhiteElo "2629"]
[BlackElo "2828"]
[WhiteTeam "London Lions"]
[BlackTeam "Saint Louis Arch Bishops"]
[WhiteFideId "310204"]
[BlackFideId "2020009"]
[EventDate "2019.01.08"]

1. e4 e6 2. d4 d5 3. Nd2 Be7 4. Ngf3 Nf6 5. e5 Nfd7 6. c3 c5 7. Bd3 b6 8. O-O
Ba6 9. Bxa6 Nxa6 10. Qe2 Nab8 11. c4 dxc4 12. Nxc4 O-O 13. Qe4 Na6 14. Rd1 Nc7
15. Qg4 f5 16. exf6 Nxf6 17. Qh3 Qd5 18. b3 Rad8 19. Bb2 Qh5 20. Qxh5 Nxh5 21.
dxc5 Bxc5 22. Nce5 Nd5 23. Kf1 Nhf4 24. Rac1 a5 25. Bd4 Ba3 26. Rc6 Rc8 27. g3
Rxc6 28. Nxc6 Ng6 29. Nfe5 Nxe5 30. Nxe5 Rc8 31. Nc4 Bc5 32. Bxc5 Rxc5 33. Re1
Kf7 34. a4 Ke7 35. Kg2 b5 36. axb5 Rxb5 37. Ra1 Rxb3 38. Rxa5 Rb7 39. h4 Rc7 40.
Ne5 Kf6 41. Ng4+ Kf7 42. Ra6 Rc2 43. Ra7+ Rc7 44. Ra6 Rc2 45. Ra7+ Rc7 1/2-1/2

[Event "PRO League Group Stage"]
[Site "chess.com INT"]
[Date "2019.01.29"]
[Round "4"]
[White "Akobian, Varuzhan"]
[Black "Haria, Ravi"]
[Result "1-0"]
[WhiteTitle "GM"]
[BlackTitle "IM"]
[WhiteElo "2643"]
[BlackElo "2450"]
[WhiteTeam "Saint Louis Arch Bishops"]
[BlackTeam "London Lions"]
[WhiteFideId "13300580"]
[BlackFideId "415820"]
[EventDate "2019.01.08"]

1. d4 e6 2. c4 d5 3. Nc3 Bb4 4. cxd5 exd5 5. Bf4 c6 6. e3 Ne7 7. Bd3 Bf5 8. Ne2
O-O 9. Bxf5 Nxf5 10. Qd3 Qf6 11. Ng3 Ne7 12. a3 Bd6 13. Nge4 dxe4 14. Nxe4 Qe6
15. Nxd6 Nd5 16. Bg3 f5 17. Be5 Nd7 18. f4 b6 19. O-O N7f6 20. Nxf5 Ng4 21. e4
Rxf5 22. exf5 Qh6 23. h3 Nge3 24. Rf3 1-0

[Event "PRO League Group Stage"]
[Site "chess.com INT"]
[Date "2019.01.29"]
[Round "4"]
[White "Roberson, Peter T"]
[Black "Bok, Benjamin"]
[Result "0-1"]
[WhiteTitle "IM"]
[BlackTitle "GM"]
[WhiteElo "2420"]
[BlackElo "2643"]
[WhiteTeam "London Lions"]
[BlackTeam "Saint Louis Arch Bishops"]
[WhiteFideId "412384"]
[BlackFideId "1017063"]
[EventDate "2019.01.08"]

1. e4 c5 2. Nf3 d6 3. c3 Nf6 4. h3 Nc6 5. Bd3 d5 6. e5 Nd7 7. Qe2 Qc7 8. Bb5 a6
9. Bxc6 Qxc6 10. O-O e6 11. d4 b6 12. Be3 a5 13. Re1 Ba6 14. Qd2 Qb5 15. dxc5
bxc5 16. Na3 Qd3 17. c4 Bxc4 18. Rac1 Qxd2 19. Bxd2 Bd3 20. Re3 c4 21. Nb5 Kd8
22. Ng5 Bg6 23. b3 Bc5 24. Ree1 cxb3 25. axb3 Ke7 26. Nf3 Rhc8 27. Ra1 Bb6 28.
Nd6 Rc2 29. Be3 Bxe3 30. Rxe3 Nxe5 31. Nd4 Kxd6 32. Nxc2 Bxc2 33. Rc1 Bg6 34.
Rec3 Ra6 35. f4 Nd3 36. Rd1 0-1

[Event "PRO League Group Stage"]
[Site "chess.com INT"]
[Date "2019.01.29"]
[Round "4"]
[White "Bloomer, Josh"]
[Black "Harvey, Marcus R"]
[Result "1/2-1/2"]
[BlackTitle "FM"]
[WhiteElo "1950"]
[BlackElo "2397"]
[WhiteTeam "Saint Louis Arch Bishops"]
[BlackTeam "London Lions"]
[WhiteFideId "2020416"]
[BlackFideId "400092"]
[EventDate "2019.01.08"]

1. e4 e6 2. d4 d5 3. Bd3 dxe4 4. Bxe4 Nf6 5. Bf3 Bd6 6. Ne2 O-O 7. O-O e5 8.
dxe5 Bxe5 9. Nbc3 c6 10. Bf4 Bxf4 11. Nxf4 Qc7 12. g3 Bf5 13. Re1 Na6 14. Nd3
Rad8 15. Qe2 Bxd3 16. cxd3 Nc5 17. Rad1 Ne6 18. Ne4 Nd5 19. Bg2 Qb6 20. Nc3 Nd4
21. Qd2 Nf6 22. Ne4 Nxe4 23. Rxe4 Qa6 24. a3 Ne6 25. Qc3 Qb5 26. Re5 Qb6 27. Re4
Qc5 28. Re5 Qd4 29. Re4 Qd6 30. d4 Nc7 31. Rde1 Nb5 32. Qb3 Rd7 33. Rd1 Rfd8 34.
Bh3 Re7 35. Rxe7 Qxe7 36. d5 g6 37. dxc6 bxc6 38. Rxd8+ Qxd8 39. Bg2 Nd4 40. Qd3
c5 41. Qc4 Qe7 42. Bd5 Nf5 43. b4 cxb4 44. axb4 Qe1+ 45. Kg2 Qd2 46. Qe4 Kg7 47.
Qe5+ f6 48. Qe4 Qd4 49. h4 Qxe4+ 50. Bxe4 Nd4 51. Bd3 f5 52. f4 Kf6 53. Kf2 Nc6
54. b5 Na5 55. Ke3 Ke6 56. Kd4 Nb3+ 57. Kc3 Nc5 58. Kd4 Kd6 59. Bc2 Ne6+ 60. Kc4
Ng7 61. Bd1 Ne8 62. Bf3 Nf6 63. Kd4 Ne8 64. h5 Nc7 65. Kc4 Ne6 66. hxg6 hxg6 67.
Bd5 Ng7 68. Bf7 Nh5 69. Bxg6 Nxg3 70. Kd4 Ke6 71. Kc5 Ne2 72. b6 axb6+ 73. Kxb6
Nxf4 74. Bxf5+ Kxf5 1/2-1/2

[Event "PRO League Group Stage"]
[Site "chess.com INT"]
[Date "2019.01.29"]
[Round "4"]
[White "Xiong, Jeffery"]
[Black "Corrales Jimenez, Fidel"]
[Result "1/2-1/2"]
[WhiteTitle "GM"]
[BlackTitle "GM"]
[WhiteElo "2672"]
[BlackElo "2559"]
[WhiteTeam "Dallas Destiny"]
[BlackTeam "Minnesota Blizzard"]
[WhiteFideId "2047640"]
[BlackFideId "3506690"]
[EventDate "2019.01.08"]

1. d4 Nf6 2. Nf3 g6 3. Nbd2 d5 4. b4 Bg7 5. e3 O-O 6. Be2 c6 7. O-O Re8 8. Bb2
a5 9. b5 a4 10. Ba3 Nbd7 11. c4 cxb5 12. cxb5 e5 13. dxe5 Nxe5 14. Nxe5 Rxe5 15.
Nc4 Re6 16. Rc1 Bd7 17. Nd2 Qa5 18. Nf3 Ree8 19. Rb1 Bf5 20. Bd3 Ne4 21. Bb2
Bxb2 22. Rxb2 Rac8 23. Bxe4 Bxe4 24. Nd4 Rc3 25. Qd2 Rec8 26. Ne2 Bd3 27. Nxc3
Bxf1 28. Kxf1 Qxc3 29. Qxc3 Rxc3 30. Rd2 1/2-1/2

[Event "PRO League Group Stage"]
[Site "chess.com INT"]
[Date "2019.01.29"]
[Round "4"]
[White "Henriquez Villagra, Cristobal"]
[Black "Holt, Conrad"]
[Result "1/2-1/2"]
[WhiteTitle "GM"]
[BlackTitle "GM"]
[WhiteElo "2504"]
[BlackElo "2548"]
[WhiteTeam "Minnesota Blizzard"]
[BlackTeam "Dallas Destiny"]
[WhiteFideId "3409350"]
[BlackFideId "2034387"]
[EventDate "2019.01.08"]

1. e4 e6 2. d4 d5 3. Nc3 Nf6 4. Bg5 dxe4 5. Nxe4 Be7 6. Bxf6 Bxf6 7. Nf3 Nd7 8.
Nxf6+ Nxf6 9. Bd3 O-O 10. O-O b6 11. Qe2 Bb7 12. Rad1 Qd5 13. Bc4 Qe4 14. Qxe4
Bxe4 15. Ne1 Rfd8 16. Be2 c5 17. dxc5 bxc5 18. Nd3 c4 19. Ne5 c3 20. bxc3 Bxc2
21. Rc1 Rd2 22. Bc4 Ba4 23. Rfe1 Rb8 24. Nf3 Rdb2 25. Nd4 Nd7 26. f4 g6 27. Bb3
Nc5 28. Bc4 R8b6 29. Re5 Nb7 30. Bb3 Bxb3 31. axb3 Ra6 32. Re2 Rxe2 33. Nxe2 Nc5
34. b4 Nd3 35. Rd1 Nb2 36. Rd8+ Kg7 37. Rd7 Kf6 38. Kf2 Ra2 39. Rd2 e5 40. fxe5+
Kxe5 41. Kf3 f5 42. h4 h6 43. Nf4 Ra3 44. Re2+ Kd6 45. Rxb2 Rxc3+ 46. Kf2 g5 47.
hxg5 hxg5 48. Nh3 g4 49. Nf4 g3+ 50. Ke1 Ke5 51. Ne2 Ra3 52. Kd2 f4 53. Ng1 Ke4
54. Rc2 Rd3+ 55. Ke1 Rb3 56. Kd2 Rxb4 57. Nf3 a5 58. Ke2 a4 59. Rc8 Rb2+ 60.
Nd2+ Kd4 61. Rc4+ Ke5 62. Rxa4 Kf5 63. Rd4 Kg4 64. Rd8 f3+ 65. gxf3+ Kh3 66.
Rh8+ Kg2 67. f4 Kg1 68. f5 Rb5 69. Nf3+ Kg2 70. f6 Rb2+ 71. Nd2 Rb7 72. Ke3 Rf7
73. Rh6 Kg1 74. Nf3+ Kf1 75. Kf4 g2 76. Rg6 Kf2 77. Ke4 Rf8 78. Kf4 Rf7 79. Ke4
Rf8 80. Ne5 g1=Q 81. Rxg1 Kxg1 82. Kf5 Rxf6+ 83. Kxf6 1/2-1/2

[Event "PRO League Group Stage"]
[Site "chess.com INT"]
[Date "2019.01.29"]
[Round "4"]
[White "Gorovets, Andrey"]
[Black "Tang, Andrew"]
[Result "1-0"]
[WhiteTitle "GM"]
[BlackTitle "GM"]
[WhiteElo "2509"]
[BlackElo "2487"]
[WhiteTeam "Dallas Destiny"]
[BlackTeam "Minnesota Blizzard"]
[WhiteFideId "13504037"]
[BlackFideId "2059630"]
[EventDate "2019.01.08"]

1. d4 d5 2. c4 e6 3. Nc3 Be7 4. Nf3 Nf6 5. g3 O-O 6. Bg2 c6 7. O-O Nbd7 8. b3 b6
9. Bb2 Bb7 10. Nd2 Rc8 11. e4 dxe4 12. Ndxe4 Qc7 13. Qe2 Nxe4 14. Nxe4 c5 15.
dxc5 bxc5 16. Rad1 Rfd8 17. Qg4 g6 18. Qf3 f5 19. Qc3 e5 20. Nd2 Bxg2 21. Kxg2
Bf6 22. Qc2 Qc6+ 23. Kg1 e4 24. Nb1 Bxb2 25. Qxb2 Qf6 26. Qxf6 Nxf6 27. Nc3 a6
28. Na4 Rd4 29. Rfe1 Kf7 30. Kf1 Rcd8 31. Ke2 Rc8 32. h3 Nd7 33. Rxd4 cxd4 34.
Rd1 d3+ 35. Ke3 Ke6 36. f3 Nf6 37. Nc3 Ke5 38. Rf1 Rd8 39. Nb1 g5 40. fxe4 Nxe4
41. Rd1 Nxg3 42. Rxd3 f4+ 43. Kd2 Ne4+ 44. Kc2 Rxd3 45. Kxd3 Nf2+ 46. Ke2 Nxh3
47. Nd2 g4 48. b4 Ng5 49. b5 a5 50. b6 Kd6 51. c5+ Kc6 52. Nc4 g3 53. Nxa5+ Kd7
54. c6+ Kc8 55. Nc4 Ne4 56. Kf3 Nc5 57. Nd6+ Kd8 58. c7+ Ke7 59. c8=Q Kxd6 60.
Qc7+ Kd5 61. Qxc5+ Kxc5 62. b7 1-0

[Event "PRO League Group Stage"]
[Site "chess.com INT"]
[Date "2019.01.29"]
[Round "4"]
[White "Bartholomew, John"]
[Black "Zhu, Jiner"]
[Result "0-1"]
[WhiteTitle "IM"]
[BlackTitle "WIM"]
[WhiteElo "2439"]
[BlackElo "2424"]
[WhiteTeam "Minnesota Blizzard"]
[BlackTeam "Dallas Destiny"]
[WhiteFideId "2019353"]
[BlackFideId "8608059"]
[EventDate "2019.01.08"]

1. d4 Nf6 2. c4 g6 3. Nc3 Bg7 4. e4 d6 5. f3 O-O 6. Nge2 Nc6 7. Be3 a6 8. Qd2
Na5 9. Nc1 c5 10. d5 e6 11. Be2 exd5 12. cxd5 b5 13. O-O Re8 14. Bh6 Nd7 15.
Bxg7 Kxg7 16. Nd1 Ne5 17. Ne3 Nac4 18. Nxc4 bxc4 19. Qc3 Qf6 20. Bxc4 Nxc4 21.
Qxc4 Qxb2 22. Nd3 Qf6 23. f4 a5 24. e5 Qf5 25. exd6 Ba6 26. Qc3+ f6 27. Nxc5
Bxf1 28. Ne6+ Rxe6 29. dxe6 Bb5 30. Re1 Qxf4 31. d7 Qd6 32. Qc8 Bc6 33. d8=Q
Qc5+ 34. Kh1 Rxc8 35. e7 Qc2 36. Rg1 Bxg2+ 37. Rxg2 Qb1+ 38. Rg1 Qe4+ 39. Rg2
Rc1+ 0-1

[Event "PRO League Group Stage"]
[Site "chess.com INT"]
[Date "2019.01.29"]
[Round "4"]
[White "Salem, A.R. Saleh"]
[Black "Shankland, Samuel"]
[Result "1/2-1/2"]
[WhiteTitle "GM"]
[BlackTitle "GM"]
[WhiteElo "2672"]
[BlackElo "2725"]
[WhiteTeam "Montreal Chessbrahs"]
[BlackTeam "San Francisco Mechanics"]
[WhiteFideId "9301348"]
[BlackFideId "2004887"]
[EventDate "2019.01.08"]

1. d4 d5 2. c4 c6 3. Nf3 Nf6 4. Nc3 dxc4 5. e4 b5 6. Be2 e6 7. O-O Be7 8. a4 b4
9. e5 Nd5 10. Ne4 Ba6 11. Bd2 Qa5 12. Rc1 Nd7 13. Bxc4 Bxc4 14. Rxc4 N7b6 15.
Rxc6 Qxa4 16. Rc2 O-O 17. Bg5 Rfc8 18. b3 Qd7 19. Bxe7 Qxe7 20. Nd6 Rc3 21. Nd2
a5 22. N2e4 Rxb3 23. Qh5 h6 24. Rfc1 a4 25. Nc8 Nxc8 26. Rxc8+ Rxc8 27. Rxc8+
Kh7 28. h4 g6 29. Qg4 a3 30. Ra8 Qb7 31. Ra5 Qc7 32. Ra8 Qc6 33. Qf4 Qxa8 34.
Qxf7+ Kh8 35. Nf6 Nxf6 36. Qxf6+ Kh7 37. Qf7+ Kh8 38. Qf6+ Kh7 39. Qf7+ Kh8 1/2-1/2

[Event "PRO League Group Stage"]
[Site "chess.com INT"]
[Date "2019.01.29"]
[Round "4"]
[White "Naroditsky, Daniel"]
[Black "Hansen, Eric"]
[Result "1-0"]
[WhiteTitle "GM"]
[BlackTitle "GM"]
[WhiteElo "2616"]
[BlackElo "2615"]
[WhiteTeam "San Francisco Mechanics"]
[BlackTeam "Montreal Chessbrahs"]
[WhiteFideId "2026961"]
[BlackFideId "2606771"]
[EventDate "2019.01.08"]

1. Nf3 Nf6 2. g3 g6 3. b3 Bg7 4. Bb2 O-O 5. Bg2 d5 6. c4 c6 7. O-O Bg4 8. d3
Nbd7 9. Nbd2 Re8 10. h3 Bxf3 11. Nxf3 a5 12. a3 Nh5 13. d4 e6 14. Qc2 a4 15. b4
Nb6 16. Nd2 f5 17. Rab1 Nf6 18. c5 Nbd7 19. b5 e5 20. bxc6 bxc6 21. dxe5 Nxe5
22. Bd4 Ne4 23. Nxe4 fxe4 24. Rb7 Re7 25. Rfb1 Qf8 26. Qc3 Nc4 27. Bxe4 Bxd4 28.
Bxd5+ cxd5 29. Qxd4 Rd8 30. c6 Re4 31. Qa7 Ra8 32. Qxa8 Qxa8 33. Rb8+ Qxb8 34.
Rxb8+ Kf7 35. c7 Nd6 36. Rd8 Rc4 37. Rxd6 Rxc7 38. Rxd5 Rc3 39. Rd3 1-0

[Event "PRO League Group Stage"]
[Site "chess.com INT"]
[Date "2019.01.29"]
[Round "4"]
[White "Kleinman, Michael"]
[Black "Hong, Andrew"]
[Result "0-1"]
[WhiteTitle "IM"]
[BlackTitle "FM"]
[WhiteElo "2411"]
[BlackElo "2390"]
[WhiteTeam "Montreal Chessbrahs"]
[BlackTeam "San Francisco Mechanics"]
[WhiteFideId "2609479"]
[BlackFideId "2099438"]
[EventDate "2019.01.08"]

1. c4 e6 2. g3 d5 3. Bg2 Nf6 4. Nf3 dxc4 5. Qa4+ Nbd7 6. Qxc4 a6 7. Qb3 Rb8 8.
O-O b5 9. d4 Bb7 10. Nc3 c5 11. Bf4 Rc8 12. Rad1 Qb6 13. a3 cxd4 14. Nb1 Bc5 15.
Qd3 Be4 16. Qd2 b4 17. axb4 Bxb4 18. Qxd4 Bc5 19. Qd2 O-O 20. Nc3 Bc6 21. Bd6
Bxd6 22. Qxd6 Qxb2 23. Nb1 a5 24. Rd2 Qb7 25. Na3 Ne4 26. Qf4 Nxd2 27. Qxd2 Qb4
28. Qa2 Be4 29. Rd1 Nc5 30. Nd4 Bxg2 31. Kxg2 Na4 32. Nac2 Qb7+ 33. f3 Nc3 34.
Qa1 Nxd1 35. Qxd1 Rfd8 36. Qa1 Qb6 37. Qa4 Qa6 38. Kf2 Rc4 39. Qa1 Qb6 40. e3
Rxc2+ 41. Nxc2 Rd2+ 42. Kg1 Rxc2 43. Qd1 Qxe3+ 44. Kh1 Rc1 0-1

[Event "PRO League Group Stage"]
[Site "chess.com INT"]
[Date "2019.01.29"]
[Round "4"]
[White "Stearman, Josiah"]
[Black "Rodrigue-Lemieux, Shawn"]
[Result "0-1"]
[WhiteTitle "FM"]
[BlackTitle "FM"]
[WhiteElo "2298"]
[BlackElo "2293"]
[WhiteTeam "San Francisco Mechanics"]
[BlackTeam "Montreal Chessbrahs"]
[WhiteFideId "2062496"]
[BlackFideId "2620049"]
[EventDate "2019.01.08"]

1. e4 c6 2. d4 d5 3. e5 Bf5 4. h4 h5 5. Bd3 Bxd3 6. Qxd3 e6 7. Bg5 Qb6 8. Nd2
Nh6 9. Ngf3 Nf5 10. O-O Nd7 11. c4 Qa6 12. Rfc1 Bb4 13. b3 O-O 14. Nf1 Ba3 15.
Rc2 c5 16. Rd1 cxd4 17. cxd5 Qxd3 18. Rxd3 Nc5 19. Rd1 d3 20. Rc4 b5 21. Bc1
bxc4 22. Bxa3 Rfc8 23. bxc4 Ne4 24. Rxd3 Rxc4 25. d6 Rc3 26. Rxc3 Nxc3 27. Ne3
Nxe3 28. fxe3 Nb5 29. Bb4 a5 30. Bc5 f6 31. Bb6 Kf7 32. d7 Ke7 33. d8=Q+ Rxd8
34. Bxd8+ Kxd8 35. exf6 gxf6 36. Kf2 Nc3 37. Nd4 Kd7 38. a3 e5 39. Nc2 f5 40.
Kf3 Ne4 41. Ne1 Kc6 42. Ke2 Kd5 43. Nf3 Nd6 44. a4 Nc4 45. Ng5 Nb2 46. e4+ fxe4
47. Ke3 Nc4+ 48. Ke2 Kd4 49. Ne6+ Kc3 50. g4 hxg4 51. h5 Nd6 52. h6 Nf7 53. h7
Kb4 54. Ng5 Nh8 55. Nxe4 Kxa4 56. Ke3 Kb4 57. Nd2 a4 58. Kf2 a3 59. Nf1 a2 60.
Ne3 Kb3 0-1

[Event "PRO League Group Stage"]
[Site "chess.com INT"]
[Date "2019.01.30"]
[Round "4"]
[White "Iturrizaga Bonelli, Eduardo"]
[Black "Shankland, Samuel"]
[Result "1-0"]
[WhiteTitle "GM"]
[BlackTitle "GM"]
[WhiteElo "2637"]
[BlackElo "2725"]
[WhiteTeam "Miami Champions"]
[BlackTeam "San Francisco Mechanics"]
[WhiteFideId "3901211"]
[BlackFideId "2004887"]
[EventDate "2019.01.08"]

1. Nf3 d5 2. c4 c6 3. d4 Nf6 4. Nc3 dxc4 5. a4 Bf5 6. Ne5 e6 7. f3 Bb4 8. Nxc4
O-O 9. Kf2 c5 10. e4 Bg6 11. Na2 Nc6 12. Nxb4 Nxb4 13. Qb3 Nxe4+ 14. fxe4 Bxe4
15. Bf4 Qf6 16. Qe3 Rad8 17. Kg1 Nc2 18. Qxe4 Nxa1 19. Be5 Qe7 20. Bd3 f5 21.
Qf4 Nb3 22. Bd6 Rxd6 23. Qxd6 Qxd6 24. Nxd6 Rd8 25. Nxf5 exf5 26. Bc4+ Kf8 27.
Bxb3 Rxd4 28. h4 Rd2 29. Be6 Rxb2 30. Bxf5 g6 31. Be4 Rb4 32. Bd5 Ke7 33. Kf2
Kd6 34. Bg8 h6 35. a5 b5 36. axb6 axb6 37. Re1 Rf4+ 38. Kg3 Rf6 39. Bc4 Kc6 40.
Rb1 Rd6 41. Bb5+ Kd5 42. Rd1+ Ke5 43. Rxd6 Kxd6 44. Kf4 Kd5 45. g4 c4 46. g5
hxg5+ 47. hxg5 Kd4 48. Be8 c3 49. Bxg6 b5 50. Bc2 b4 51. g6 1-0